<?xml version="1.0" encoding="UTF-8"?>
<collection xmlns="http://www.loc.gov/MARC21/slim">
 <record>
  <leader>00658cam a2200181 7i4500</leader>
  <controlfield tag="001">0000029858</controlfield>
  <controlfield tag="005">20140605090000.0</controlfield>
  <datafield tag="020" ind1="#" ind2="0">
   <subfield code="a">9839257153 </subfield>
  </datafield>
  <datafield tag="090" ind1="0" ind2="0">
   <subfield code="a">DS 597.366 </subfield>
   <subfield code="b">L529</subfield>
  </datafield>
  <datafield tag="100" ind1="1" ind2="#">
   <subfield code="a">Leigh, Michael B. </subfield>
   <subfield code="q">Beckett </subfield>
  </datafield>
  <datafield tag="245" ind1="1" ind2="0">
   <subfield code="a">Mapping the people of sarawak  </subfield>
   <subfield code="c">Prof. Dr. Michael B. Leigh.</subfield>
  </datafield>
  <datafield tag="260" ind1="#" ind2="#">
   <subfield code="a">Kota Samarahan: </subfield>
   <subfield code="b">Unit Penerbitan Universiti Malaysia Sarawak, </subfield>
   <subfield code="c">2002.</subfield>
  </datafield>
  <datafield tag="300" ind1="#" ind2="#">
   <subfield code="a">123 p.: </subfield>
   <subfield code="b">ill.maps (some col.); </subfield>
   <subfield code="c">43 cm..</subfield>
  </datafield>
  <datafield tag="590" ind1="#" ind2="#">
   <subfield code="a">Pusat Pendidikan Asas dan Liberal</subfield>
  </datafield>
  <datafield tag="650" ind1="0" ind2="0">
   <subfield code="a">Borneo people -- </subfield>
   <subfield code="z">Sarawak, Demography </subfield>
  </datafield>
  <datafield tag="650" ind1="0" ind2="0">
   <subfield code="a">Ethnic mapping -- </subfield>
   <subfield code="z">Sarawak </subfield>
  </datafield>
  <datafield tag="650" ind1="0" ind2="0">
   <subfield code="a">Ethnology -- </subfield>
   <subfield code="z">Sarawak </subfield>
  </datafield>
  <datafield tag="999" ind1=" " ind2=" ">
   <subfield code="a">1100014744</subfield>
   <subfield code="b">Book</subfield>
   <subfield code="c">Koleksi Peta</subfield>
   <subfield code="e">BILIK ARKIB</subfield>
  </datafield>
 </record>
</collection>
